Brawl Stars: Ash Skins by Picture - Statistics

General Stats
  • This quiz has been taken 62 times
    15 since last reset
  • The average score is 8 of 10
Answer Stats
Picture Answer % Correct
Ash Boy
93%
Ninja Ash
93%
P.E.K.K.A.S.H
93%
True Gold Ash
87%
True Silver Ash
87%
Krampus Ash
80%
Piñata Ash
80%
Sandcastle Ash
80%
Pizza Oven Ash
73%
Shinobi Ash
53%
No matching quizzes found
Score Distribution
Percent of People with Each Score
Percentile by Number Answered
Your Score History
You have not taken this quiz since the last reset